[Event "104th ch-GBR 2017"]
[Site "Llandudno WLS"]
[Date "2017.08.06"]
[Round "9.33"]
[White "Sun, Xinyue"]
[Black "Willson, Ollie"]
[Result "1-0"]
[WhiteTitle "WFM"]
[WhiteElo "2132"]
[BlackElo "2032"]
[WhiteFideId "8600813"]
[BlackFideId "424714"]
[EventDate "2017.07.29"]

1. e4 c5 2. Nf3 e6 3. d4 cxd4 4. Nxd4 Nc6 5. Nc3 Qc7 6. Be2 a6 7. O-O Nf6 8. Kh1
b5 9. Nxc6 dxc6 10. f4 Bb7 11. Bf3 Be7 12. e5 Nd5 13. Ne4 Rd8 14. Qe2 b4 15. c4
bxc3 16. bxc3 a5 17. Rb1 O-O 18. Bd2 c5 19. Ng3 g6 20. f5 exf5 21. Rxb7 Qxb7 22.
c4 Qb2 23. cxd5 Qxa2 24. Bh6 Qxe2 25. Nxe2 Rfe8 26. d6 Bxd6 27. exd6 Rxd6 28.
Ra1 Ra6 29. h4 a4 30. Ra3 Rb8 31. Nc3 Rb4 32. Be3 Rxh4+ 33. Kg1 Ra5 34. Nd5 Rc4
35. Nb6 Rb4 36. Bd2 Rb1+ 37. Kh2 Rb3 38. Rxa4 Rxa4 39. Nxa4 c4 40. Nc3 Kg7 41.
Bd5 Rb2 42. Be3 Rc2 43. Bxc4 f6 44. Bd4 g5 45. Be6 Rd2 46. Be3 Rd3 47. Nd5 f4
48. Bc5 f3 49. g4 h5 50. gxh5 g4 51. Kg3 Rd2 52. Nf4 Rc2 53. Bf2 Kh6 54. Bxg4
Kg5 55. Ne6+ Kh6 56. Be3+ 1-0

[Event "104th ch-GBR 2017"]
[Site "Llandudno WLS"]
[Date "2017.08.06"]
[Round "9.34"]
[White "Jackson, Sheila"]
[Black "Lentzos, Ioanis"]
[Result "1/2-1/2"]
[WhiteTitle "WGM"]
[WhiteElo "2125"]
[BlackElo "2038"]
[WhiteFideId "402508"]
[BlackFideId "4255470"]
[EventDate "2017.07.29"]

1. e4 c6 2. d4 d5 3. e5 Bf5 4. h4 Qb6 5. Nf3 e6 6. c3 c5 7. Bd3 Bxd3 8. Qxd3 Nc6
9. dxc5 Bxc5 10. O-O Qc7 11. Re1 Nge7 12. Nbd2 Nf5 13. Nb3 Be7 14. g3 O-O 15.
Bf4 Rfc8 16. Kg2 h5 17. Rad1 a5 18. Re2 a4 19. Nbd4 Ncxd4 20. Nxd4 Nxd4 21. cxd4
a3 22. b3 Qc3 23. Qb5 Qb4 24. Qd3 Rc3 25. Qb1 Qb5 26. Rc2 Rac8 27. Rxc3 Rxc3 28.
Rc1 Qc6 29. Bd2 Rxc1 30. Qxc1 Qxc1 31. Bxc1 Bb4 32. Kf3 Kh7 33. Ke2 b5 34. Bd2
Bxd2 35. Kxd2 b4 36. Ke3 Kg6 37. Kf4 Kh6 38. f3 g5+ 39. Ke3 Kg6 40. f4 gxh4 41.
gxh4 Kf5 42. Kf3 Kg6 43. Kg3 f6 44. exf6 Kxf6 45. Kf2 Kg6 46. Kg3 Kf5 1/2-1/2

[Event "104th ch-GBR 2017"]
[Site "Llandudno WLS"]
[Date "2017.08.06"]
[Round "9.35"]
[White "Byron, Alan M"]
[Black "Maroroa, Sue"]
[Result "1-0"]
[BlackTitle "WIM"]
[WhiteElo "2064"]
[BlackElo "2116"]
[WhiteFideId "401773"]
[BlackFideId "4301498"]
[EventDate "2017.07.29"]

1. e4 e5 2. Nf3 Nc6 3. Bb5 a6 4. Ba4 Nf6 5. O-O b5 6. Bb3 Bc5 7. c3 d6 8. d4 Bb6
9. a4 Rb8 10. a5 Ba7 11. h3 O-O 12. Be3 Qe8 13. Qc2 Ra8 14. Re1 Bb7 15. Nbd2 Qd7
16. d5 Ne7 17. Nf1 Nh5 18. Rad1 Ng6 19. c4 bxc4 20. Ba4 c6 21. Bxa7 Rxa7 22. Ne3
Qc7 23. dxc6 Bxc6 24. Bxc6 Qxc6 25. Qxc4 Rc7 26. Qd5 Rd8 27. Nxe5 Qxd5 28. Nxd5
Rc5 29. Nxg6 hxg6 30. b4 Rb5 31. Ne7+ Kf8 32. Nc6 Rd7 33. Rd5 Rxd5 34. exd5 Nf4
35. Rd1 Rc7 36. Nb8 Ra7 37. g3 Ne2+ 38. Kf1 Nc3 39. Rd3 Nb5 40. Rd2 Nc7 41. Nd7+
Ke8 42. Nb6 Na8 43. Rc2 Nxb6 44. axb6 Rb7 45. Rc6 Ke7 46. f4 Rd7 47. Ke2 Kf6 48.
h4 Ke7 49. Kd3 Kd8 50. Kc4 Re7 51. Kb3 Kd7 52. Rc7+ 1-0

[Event "104th ch-GBR 2017"]
[Site "Llandudno WLS"]
[Date "2017.08.06"]
[Round "9.36"]
[White "Abrahams, Daniel"]
[Black "Golding, James"]
[Result "0-1"]
[WhiteElo "2162"]
[BlackElo "1942"]
[WhiteFideId "2606879"]
[BlackFideId "427250"]
[EventDate "2017.07.29"]

1. c4 e6 2. g3 d5 3. Bg2 c5 4. Nf3 Nc6 5. cxd5 exd5 6. d4 c4 7. O-O Bb4 8. Ne5
Nge7 9. e4 Be6 10. Be3 O-O 11. Nc3 Bxc3 12. Nxc6 bxc6 13. bxc3 dxe4 14. Bxe4 Bd5
15. Bc2 Qa5 16. Re1 Ng6 17. Qd2 Rab8 18. Rab1 Qa3 19. h4 Rfe8 20. h5 Nf8 21. Bf4
Rxb1 22. Bxb1 Re6 23. h6 Qe7 24. Rxe6 Qxe6 25. Qe3 g6 26. Qe5 f6 27. Qxe6+ Nxe6
28. Be3 Nc7 29. a4 Ne6 30. Kh2 Kf7 31. g4 Nd8 32. Kg3 Ne6 33. f3 Nd8 34. Bf4 Ne6
35. Bc1 Nd8 36. f4 Nb7 37. Ba3 Na5 38. Kf2 a6 39. Ke3 Nb7 40. Bb4 Nd8 41. Ba5
Nb7 42. Bb6 Nd6 43. Bc7 Nb7 44. Bc2 a5 45. Bb1 Kg8 46. Bc2 Kf7 47. Bd1 Kg8 48.
Kd2 Kf7 49. Kc1 Ke6 50. Kb2 Kd7 51. Bb6 Bf7 52. Bf3 Bd5 53. Be2 Bf7 54. Ka3 Kd6
55. Bd1 Kd7 56. Bc2 Kd6 57. Be4 Kd7 58. Bb1 Kd6 59. Bc2 Kd7 60. Be4 Kd6 61. Kb2
Kd7 62. Kc1 Kd6 63. Kd2 Kd7 64. Ke3 Kd6 65. Bc2 Kd7 66. Bc5 Nd6 67. Bb1 Kc7 68.
Ba3 Kd7 69. Bc2 Kc7 70. Bc1 Kd7 71. Bd2 Nb7 72. Be1 Nd6 73. Bh4 Ne8 74. d5 c5
75. Be4 Kd6 76. Bg3 Kd7 77. Bf3 Nc7 78. Bh4 f5 79. gxf5 gxf5 80. d6 Kxd6 81. Bd8
Kd7 82. Bxc7 Kxc7 83. Kf2 Kd6 84. Kg3 Ke7 85. Kh4 Kf6 86. Be2 Be8 87. Bd1 Bc6
88. Kh5 Be4 89. Kh4 Kg6 90. Bh5+ Kxh6 91. Be8 Kg7 92. Kg5 h6+ 93. Kh4 Bf3 94.
Bb5 Bd1 95. Kg3 Kf6 96. Kf2 Ke7 97. Ke1 Bb3 98. Kd2 Kd6 99. Be8 Ke7 100. Bc6 h5
101. Ke2 Kd6 102. Be8 h4 103. Ke3 h3 104. Kf3 h2 105. Kg2 Kd5 106. Kxh2 Ke4 107.
Kg3 Kd3 108. Bd7 Kxc3 109. Bxf5 Kd2 0-1

[Event "104th ch-GBR 2017"]
[Site "Llandudno WLS"]
[Date "2017.08.06"]
[Round "9.37"]
[White "Taylor, William J"]
[Black "Kalaiyalahan, Akshaya"]
[Result "1/2-1/2"]
[BlackTitle "FM"]
[WhiteElo "2048"]
[BlackElo "2127"]
[WhiteFideId "423130"]
[BlackFideId "422894"]
[EventDate "2017.07.29"]

1. d4 Nf6 2. Nf3 g6 3. Nc3 d5 4. Bf4 c6 5. Qd2 Bg7 6. Bh6 O-O 7. Bxg7 Kxg7 8.
O-O-O b5 9. e4 dxe4 10. Ne5 Bf5 11. Be2 Be6 12. h4 b4 13. Na4 Nbd7 14. h5 Nxe5
15. dxe5 Qxd2+ 16. Rxd2 Nd7 17. Rd4 Bd5 18. c4 bxc3 19. Nxc3 Nxe5 20. Nxd5 cxd5
21. Rxd5 Rac8+ 22. Kb1 f6 23. Rh4 Rc7 24. Rxe4 1/2-1/2

[Event "104th ch-GBR 2017"]
[Site "Llandudno WLS"]
[Date "2017.08.06"]
[Round "9.38"]
[White "Ahluwalia, Amardip"]
[Black "Stewart, Ashley"]
[Result "1/2-1/2"]
[WhiteElo "1995"]
[BlackElo "2111"]
[WhiteFideId "437085"]
[BlackFideId "419001"]
[EventDate "2017.07.29"]

1. e4 c5 2. Nf3 g6 3. c3 d5 4. exd5 Qxd5 5. d4 Bg7 6. Be2 Nf6 7. O-O O-O 8. h3
cxd4 9. cxd4 Nc6 10. Nc3 Qa5 11. Be3 Nd5 12. Nxd5 Qxd5 13. Qa4 Bf5 14. Rfd1 Qd6
15. Rac1 Nb4 16. Qa3 Rfd8 17. Bc4 e6 18. Qb3 Be4 19. Ng5 Bd5 20. a3 Na6 21. Bxd5
Qxd5 22. Qxd5 Rxd5 23. Nf3 Rad8 24. Rd2 Bf6 25. Rdc2 Kg7 26. Rc8 b6 27. b4 Rxc8
28. Rxc8 Rd7 29. Bf4 Rd8 30. Rxd8 Bxd8 31. Ne5 b5 32. Nc6 Bb6 33. Bd6 f6 34. Bc5
Kf7 35. Bxb6 axb6 36. Na7 Nc7 37. Nc8 Nd5 38. Nd6+ Ke7 39. Nxb5 Kd7 40. Kf1 Kc6
41. Na7+ Kb7 42. Nb5 Kc6 43. Na7+ Kb7 44. Nb5 1/2-1/2

[Event "104th ch-GBR 2017"]
[Site "Llandudno WLS"]
[Date "2017.08.06"]
[Round "9.39"]
[White "Pleasants, Allan J"]
[Black "Shepherd, Katherine M"]
[Result "1-0"]
[WhiteElo "2103"]
[BlackElo "1929"]
[WhiteFideId "411337"]
[BlackFideId "412031"]
[EventDate "2017.07.29"]

1. c4 c6 2. e4 d5 3. exd5 cxd5 4. cxd5 Nf6 5. Qa4+ Nbd7 6. Nc3 g6 7. Nf3 Bg7 8.
Bc4 a6 9. d3 O-O 10. Qa3 Nb6 11. Qb3 Nbd7 12. a4 Ng4 13. O-O Nde5 14. Nxe5 Bxe5
15. h3 Nf6 16. Bh6 Re8 17. Ne4 Nh5 18. Rfe1 Bd4 19. Re2 Qb6 20. Qxb6 Bxb6 21. a5
Bd4 22. g4 Ng7 23. Rae1 Bd7 24. Be3 Bxe3 25. Rxe3 h5 26. Nc5 Bb5 27. b3 hxg4 28.
hxg4 Kf8 29. Nxb7 Rab8 30. Nc5 f5 31. f3 Rec8 32. Nxa6 Bxa6 33. Bxa6 Rc5 34. Bc4
Rxa5 35. Rxe7 Rba8 36. b4 Ra1 37. b5 R8a7 38. b6 Rxe7 39. Rxa1 Rb7 40. Ra8+ Ne8
41. Bb5 Rxb6 42. Rxe8+ Kf7 43. Bc6 Kf6 44. gxf5 Kxf5 45. Kf2 Rb2+ 46. Ke3 Rb1
47. Kd4 Kf4 48. d6 Rb4+ 49. Kc5 Rb3 50. d7 1-0

[Event "104th ch-GBR 2017"]
[Site "Llandudno WLS"]
[Date "2017.08.06"]
[Round "9.40"]
[White "Munshi, Aditya"]
[Black "Brozel, Sacha"]
[Result "0-1"]
[WhiteElo "1901"]
[BlackElo "2097"]
[WhiteFideId "436720"]
[BlackFideId "429317"]
[EventDate "2017.07.29"]

1. e4 e6 2. d4 d5 3. Nd2 Be7 4. e5 c5 5. c3 Nc6 6. Bd3 Nh6 7. Ndf3 Nf5 8. g4 Nh4
9. Nxh4 Bxh4 10. Nf3 Be7 11. a3 cxd4 12. cxd4 Bd7 13. b4 b5 14. Rb1 a5 15. bxa5
Qxa5+ 16. Kf1 Rb8 17. Kg2 O-O 18. Bc2 b4 19. Qd3 g6 20. Bg5 f5 21. exf6 Bxf6 22.
h4 e5 23. dxe5 Bxe5 24. Bb3 Rb5 25. Rhe1 Bg7 26. a4 Rc5 27. Nh2 Ne5 28. Rxe5
Bxe5 29. Be7 Bc6 30. Bxf8 Rc3 31. Qe2 Kxf8 32. f3 d4 33. Bc2 Bxh2 34. Kxh2 Qc7+
35. Kh3 Rxf3+ 0-1

[Event "104th ch-GBR 2017"]
[Site "Llandudno WLS"]
[Date "2017.08.06"]
[Round "9.42"]
[White "Okhai, Shabir"]
[Black "Fathallah, Joe"]
[Result "1/2-1/2"]
[WhiteElo "2111"]
[BlackElo "1919"]
[WhiteFideId "445134"]
[BlackFideId "1801899"]
[EventDate "2017.07.29"]

1. e4 e6 2. d4 d5 3. Nc3 Nf6 4. e5 Nfd7 5. f4 c5 6. Nf3 Nc6 7. Be3 Be7 8. Qd2
O-O 9. dxc5 Bxc5 10. O-O-O Qb6 11. Nd4 Nxd4 12. Bxd4 Bxd4 13. Qxd4 Qxd4 14. Rxd4
f6 15. exf6 Nxf6 16. g3 Bd7 17. a4 g5 18. fxg5 e5 19. Rh4 d4 20. Bc4+ Kh8 21.
Nd1 Ng8 22. Bd3 Bf5 23. Nf2 Kg7 24. Re1 Rae8 25. Kd2 Re6 26. Bxf5 Rxf5 27. Nd3
Rxg5 28. Rxd4 Nf6 29. Rb4 b6 30. Rb5 Ng4 31. Re2 Kf6 32. Nf2 Nxf2 33. Rxf2+ Rf5
34. Rxf5+ Kxf5 35. Ke3 Rh6 36. h4 Rc6 37. c3 h5 38. a5 bxa5 39. Rxa5 a6 40. Rd5
Rg6 41. Kf3 Rb6 42. Rd2 a5 43. Rc2 Rb3 44. Ke3 a4 45. Kd3 a3 46. bxa3 Rxa3 47.
Re2 Ra1 48. Kc4 Rg1 49. Kd5 Rd1+ 50. Kc4 Rg1 51. Re3 e4 52. Kc5 Rd1 53. c4 Rd3
54. Re1 Rxg3 55. Rf1+ Rf3 56. Rg1 Kf4 57. Rg8 Rh3 58. Re8 Rxh4 59. Kd4 Kf3 60.
c5 Rg4 61. c6 Rg7 62. Rf8+ Kg3 63. Kxe4 h4 64. Rh8 h3 65. Kd5 Kg2 66. Kd6 h2 67.
c7 Rxc7 68. Rxh2+ Kxh2 69. Kxc7 1/2-1/2

[Event "104th ch-GBR 2017"]
[Site "Llandudno WLS"]
[Date "2017.08.06"]
[Round "9.43"]
[White "Cocks, Elliot"]
[Black "Modi, Shyam Jagdish"]
[Result "1-0"]
[WhiteElo "2036"]
[BlackElo "1908"]
[WhiteFideId "444545"]
[BlackFideId "446025"]
[EventDate "2017.07.29"]

1. d4 Nf6 2. Nf3 g6 3. c4 Bg7 4. e3 O-O 5. Nc3 d6 6. Be2 Nbd7 7. O-O e5 8. Qc2
c6 9. Rd1 Qe7 10. b4 Re8 11. a4 exd4 12. exd4 d5 13. c5 Ne4 14. Be3 f5 15. Bf1
Ndf6 16. h3 h6 17. b5 Nxc3 18. Qxc3 Ne4 19. Qb3 g5 20. Rab1 g4 21. hxg4 fxg4 22.
Nd2 g3 23. Nxe4 Qxe4 24. Bd3 Qg4 25. Bc2 Bd7 26. Qd3 gxf2+ 27. Bxf2 Qe4 28. Qxe4
dxe4 29. Be3 Bg4 30. Rd2 Rad8 31. Bb3+ Kh7 32. d5 cxd5 33. Rxd5 Rxd5 34. Bxd5
Re7 35. a5 Bf5 36. b6 a6 37. Bxb7 Rxb7 38. c6 Rf7 39. b7 Be5 40. b8=Q Bxb8 41.
Rxb8 Rg7 42. Kf2 Rg8 43. Rb7+ Rg7 44. Bd4 e3+ 45. Kxe3 Rxb7 46. cxb7 Bc8 47.
bxc8=Q h5 48. Qh8+ Kg6 49. Qf6+ Kh7 50. Qg7# 1-0

[Event "104th ch-GBR 2017"]
[Site "Llandudno WLS"]
[Date "2017.08.06"]
[Round "9.44"]
[White "Brewer, Callum D"]
[Black "Zhu, Richard"]
[Result "0-1"]
[WhiteElo "2015"]
[BlackElo "2036"]
[WhiteFideId "435309"]
[BlackFideId "426377"]
[EventDate "2017.07.29"]

1. e4 e6 2. d4 d5 3. Nc3 Nf6 4. Bg5 dxe4 5. Nxe4 Nbd7 6. Nf3 Be7 7. Nxf6+ Bxf6
8. Be3 b6 9. Be2 Bb7 10. Qd2 Qe7 11. c3 h6 12. h4 a6 13. O-O-O O-O-O 14. h5 Kb8
15. Qc2 c5 16. Qb3 Ka7 17. Kb1 Rc8 18. Rc1 Rhd8 19. Rhd1 Be4+ 20. Ka1 cxd4 21.
cxd4 Bd5 22. Qa4 Nb8 23. Bf4 Bb7 24. Ne5 Rxc1+ 25. Rxc1 Bg5 26. Bxg5 hxg5 27.
Bf3 f6 28. Nc6+ Nxc6 29. Bxc6 Rc8 30. b3 Qc7 0-1

[Event "104th ch-GBR 2017"]
[Site "Llandudno WLS"]
[Date "2017.08.06"]
[Round "9.45"]
[White "Cole, James"]
[Black "Moore, Geoffrey R"]
[Result "0-1"]
[WhiteElo "1950"]
[BlackElo "2023"]
[WhiteFideId "431818"]
[BlackFideId "446181"]
[EventDate "2017.07.29"]

1. e4 e6 2. d3 c5 3. g3 Nc6 4. Bg2 g6 5. Nf3 Bg7 6. O-O Nge7 7. Re1 d6 8. c3 e5
9. a3 O-O 10. b4 h6 11. Be3 b6 12. h3 Be6 13. b5 Na5 14. d4 exd4 15. cxd4 d5 16.
Nbd2 dxe4 17. Nxe4 Nb3 18. Rb1 Nxd4 19. Nxd4 cxd4 20. Bf4 Nd5 21. Bd6 Re8 22.
Bb4 Nxb4 23. Rxb4 Rc8 24. g4 Qc7 25. Rxd4 Red8 26. Rxd8+ Rxd8 27. Qb1 Qf4 28.
Rd1 Rc8 29. Qd3 Be5 30. Qg3 Rc1 31. Rf1 Rxf1+ 32. Bxf1 Qxe4 0-1

[Event "104th ch-GBR 2017"]
[Site "Llandudno WLS"]
[Date "2017.08.06"]
[Round "9.46"]
[White "Haridas, Girinath"]
[Black "Howell, Oliver W"]
[Result "1-0"]
[WhiteElo "1977"]
[BlackElo "1701"]
[WhiteFideId "427144"]
[BlackFideId "435929"]
[EventDate "2017.07.29"]

1. d4 e6 2. c4 f5 3. g3 Nf6 4. Bg2 Be7 5. Nf3 O-O 6. O-O d6 7. Nc3 Qe8 8. b3
Nbd7 9. Bb2 Qh5 10. Re1 Ne4 11. Nd2 Nxd2 12. Qxd2 Bg5 13. f4 Bf6 14. e4 e5 15.
dxe5 dxe5 16. Nd5 fxe4 17. Rxe4 exf4 18. Nxf6+ Nxf6 19. Rxf4 c6 20. Raf1 Qc5+
21. Bd4 Qd6 22. Qf2 Qe6 23. g4 1-0

[Event "104th ch-GBR 2017"]
[Site "Llandudno WLS"]
[Date "2017.08.06"]
[Round "9.47"]
[White "Davis, Lee"]
[Black "Hewson, Brian W R"]
[Result "1/2-1/2"]
[WhiteElo "1952"]
[BlackElo "2023"]
[WhiteFideId "1801325"]
[BlackFideId "437484"]
[EventDate "2017.07.29"]

1. d4 d5 2. g3 Nf6 3. Bg2 c6 4. Nf3 Bf5 5. O-O h6 6. c4 e6 7. Nc3 Bd6 8. Nd2
Nbd7 9. e4 dxe4 10. Ndxe4 Nxe4 11. Nxe4 Bc7 12. Qe2 O-O 13. Rd1 Nf6 14. Nxf6+
Qxf6 15. Be3 Rfe8 16. b4 Rad8 17. a4 Qg6 18. Rd2 Re7 19. a5 a6 20. b5 axb5 21.
cxb5 Be4 22. Bxe4 Qxe4 23. bxc6 Qxc6 24. Rc2 Qa6 25. Qxa6 1/2-1/2

[Event "104th ch-GBR 2017"]
[Site "Llandudno WLS"]
[Date "2017.08.06"]
[Round "9.48"]
[White "Garnett, John S"]
[Black "Ashworth, Michael"]
[Result "0-1"]
[WhiteElo "2005"]
[BlackElo "1946"]
[WhiteFideId "410829"]
[BlackFideId "425044"]
[EventDate "2017.07.29"]

1. d4 Nf6 2. Bg5 e6 3. e4 h6 4. Bxf6 Qxf6 5. c3 d5 6. Nd2 c5 7. Ngf3 Nc6 8. Bb5
Qd8 9. O-O a6 10. Ba4 b5 11. exd5 exd5 12. Re1+ Be7 13. Bc2 cxd4 14. Nxd4 Nxd4
15. cxd4 O-O 16. Nf3 Bg4 17. Qd3 g6 18. Ne5 Bf5 19. Qe2 Bb4 20. Nc6 Qd6 21. Nxb4
Qxb4 22. Bxf5 gxf5 23. Rad1 Rfe8 24. Qxe8+ Rxe8 25. Rxe8+ Kg7 26. b3 Qc3 27. Re2
f4 28. h3 f3 29. Red2 fxg2 30. Kxg2 Qc6 31. Rd3 Qc2 32. R1d2 Qb1 33. Rg3+ Kf8
34. Re3 Qg6+ 35. Kh1 Qd6 36. Re5 f6 37. Re3 Qf4 38. Kg2 Kf7 39. Rdd3 b4 40. Rd2
a5 41. Red3 Qg5+ 42. Kh2 Qf4+ 43. Kg2 Qe4+ 44. Kh2 Qe1 45. Kg2 f5 46. Rd1 Qe4+
47. Rf3 Kf6 48. Rc1 f4 49. Rc6+ Kg5 50. Rc8 Qxd4 51. Rg8+ Kf5 52. Rf8+ Ke5 53.
Re8+ Kd6 54. Rf8 Qg7+ 0-1